000 00720nam a2200181 i 4500
001 40971
003 ES-MaACL
007 t|
008 030307s1972 sp ||||1| spa d
100 1 _aCarpena Artes, Octavio.
_935429
245 1 0 _aAgroquímica y salud /
_cdiscurso de ingreso de Octavio Carpena Artes ; discurso de contestación, José Manuel Gómez Jiménez de Cisneros ; discurso final Ramón Sánchez Parra.
260 _aMurcia :
_bAcademia de Medicina y Cirugía,
_c1972.
300 _a93 p. ;
_c24 cm.
700 1 _aJiménez de Cisneros, José Manuel.
_966496
700 1 _aSánchez Parra, Ramón.
_9102832
710 2 _aAcademia de Medidina y Cirugía (Murcia)
_91189
852 _aES-MaACL
_jE-43311
_bR.82034
999 _c40971
_d40971